000 00723nam a22002297a 4500
003 OSt
005 20260120090719.0
008 260120b |||||||| |||| 00| 0 eng d
020 _a 0-13-198262-1
040 _aDWC-Main lib
_cOC
082 _2 fourth edition
_aCirc. 658.802 M298 2006
100 _aKotler,Philip
245 _a Marketing management :
_b An Asian perspective/
_cPhilip Kotler
250 _a fourth edition
260 _aSingapore :
_bPearson education ,
_c c2006.
300 _axxiv, 830 pages :
_bcolor illustrations ;
_c27cm.
504 _aIncludes index
650 _a1. Asia
650 _a2. Marketing
650 _a3. Marketing management
942 _2ddc
_cBK-CIRC
_efourth edition
_kCirc.
_n0
999 _c7605
_d7605